Les constitutions françaises de la Révolution à Aujourd'hui - Statistiques

Statistiques générales
  • Ce quiz a été pris 34 fois
  • Le résultat moyen est 3 sur 15
Statistiques - réponses
Indices Réponses % Correct
1ere Constitution française Constitution de 1791
96%
Constitution de la IV ème République Constitution de 1946
27%
Constitution de la II ème République Constitution de 1848
23%
Constitution du Second Empire Constitution de 1852
19%
Constitution de la I ere République Constitution de l'an I
12%
Constitution du Directoire Constitution de l'an III
12%
Constitution du Consulat Constitution de l'an VIII
12%
Constitution du Consulat à vie Constitution de l'an X
12%
Constitution du 1ere Empire Constitution de l'an XII
12%
Constitution des cent-jours Acte additionnel aux Constitutions de l'Empire
8%
Constitution de la 1ere Restauration Charte de 1814
8%
Constitution de la monarchie de Juillet Charte de 1830
8%
Constitution du gouvernement provisoire Loi constitutionnelle de 1945
8%
Constitution de la Vème République Constitution du 4 octobre 1958
4%
Constitution de la III ème République Lois constitutionnelles de 1875
4%
Aucun quiz correspondant
Distribution des résultats
% des personnes avec chaque résultat
Percentile par nombre de réponses
Votre historique - résultats
Vous n’avez pas pris ce quiz